Ortsteile der Gemeinde Ilsede mit Karte - Statistiken

Allgemein
  • Dieses Quiz wurde 18 mal gespielt
  • Das Durchschnittsergebnis liegt bei 8 aus 11
Antworten auf der Karte
Die Antworten werden auf der Karte rot bzw. grün angezeigt, abhängig davon wie oft sie richtig erraten wurden.
 
Antwortstatistiken
Ortsteil % Korrekt
Groß Lafferde
93%
Gadenstedt
86%
Ölsburg
79%
Oberg
71%
Groß Ilsede
71%
Klein Ilsede
71%
Solschen
71%
Bülten
64%
Adenstedt
64%
Münstedt
64%
Groß Bülten
57%
Keine übereinstimmenden Quizze gefunden
Verteilung der Resultate
Anzahl Personen mit jedem Resultat
Perzentil nach korrekt beantworteten Fragen
Ihre Resultats-Entwicklung
Sie haben dieses Quiz noch nicht gespielt